Leyendas urbanas : historias que parecen increíbles /

Guardado en:
Autor Principal: Schuff, Nicolás.
Otros Autores: Tabárez, Rodrigo; il.
Formato: Libro
Publicado: Buenos Aires : Estrada, 2016.
Series:Azulejos niños / Alejandro Palermo ; 16
Materias:
Etiquetas: Agregar Etiqueta
Sin Etiquetas, Sea el primero en etiquetar este registro!
LEADER 01011nam a22002415a 4500
001 CEM.cems019510
008 220907s2016##################000#0#####d
005 20220907094855.0
245 1 0 |a Leyendas urbanas :  |b historias que parecen increíbles /  |c Nicolás Schuff ; ilustrado por Rodrigo Tabárez. 
260 |a Buenos Aires :  |b Estrada,  |c 2016. 
300 |a 96 p. 
490 0 |a Azulejos niños / Alejandro Palermo ;  |v 16 
505 0 |a ¿Qué son las leyendas urbanas? -- Historias que van de un lado al otro -- La planta brasilera -- La estación fantasma -- Los cocodrilos albinos -- Las monedas de oro -- La aparecida -- La mascota falsificada -- El misterio del hombre rana 
020 |a 9789500109680 
100 1 |a Schuff, Nicolás. 
700 1 |a Tabárez, Rodrigo; il. 
082 0 4 |a A868.4 
653 |a Literatura 
653 |a Literatura argentina 
653 |a Literatura infantil 
653 |a Leyendas 
653 |a Leyendas Urbanas 
859 |a CEMS  |b BIB. CEMS - Inicial y Primaria  |h 398.2  |i Sch79  |k IP  |p 6120  |t Ej.1